| 000 | 01271nam a2200301 i 4500 | ||
|---|---|---|---|
| 001 | 184522 | ||
| 003 | ES-MaACL | ||
| 005 | 20231119161115.0 | ||
| 008 | 151007s2010 sp d |||| | spa d | ||
| 020 | _a978-84-96820-55-5 | ||
| 080 | _a321.61(460)"15/17" | ||
| 080 | _a321.61(44)"15/17" | ||
| 245 | 0 | 4 |
_aLas monarquías española y francesa (siglos XVI-XVIII) _b: ¿dos modelos políticos? / _cestudios reunidos por Anne Dubet y José Javier Ruiz Ibáñez ; prefacio de Francisco Javier Guillamón Álvarez. |
| 260 |
_aMadrid : _bCasa de Velázquez, _c2010. |
||
| 300 |
_aXV, 254 p. : _bgráf. ; _c24 cm. |
||
| 490 | 1 |
_aCollection de la Casa de Velázquez ; _v117 |
|
| 504 | _aBibliografía: p. [223]-254. | ||
| 650 |
_aMonarquía- _zEspaña- _vHistoria. _915145 |
||
| 650 | 7 |
_aMonarquía- _zFrancia- _yS.XVI-XVIII. _9157844 |
|
| 700 | 1 |
_aDubet, Anne. _9157845 |
|
| 700 | 1 |
_aRuiz Ibáñez, José Javier. _9157846 |
|
| 700 | 1 |
_aGuillamón Álvarez, Francisco Javier. _9157847 |
|
| 830 | 0 |
_aCollection de la Casa de Velázquez ; _v117 _9188870 |
|
| 852 |
_aES-MaACL _jA-13573 _9191521 _bR.150793 _cDEPO1 _dOlim: N-6573 _hDonación: Real Academia Española |
||
| 914 |
_96336 _aReal Academia Española _ednr |
||
| 942 |
_2udc _cMONOGRAFIA |
||
| 999 |
_c184522 _d184522 |
||